MARC details
| 000 -LEADER |
| fixed length control field |
03499cam a22004574a 4500 |
| 001 - CONTROL NUMBER |
| control field |
muse13354 |
| 003 - CONTROL NUMBER IDENTIFIER |
| control field |
MdBmJHUP |
| 005 - DATE AND TIME OF LATEST TRANSACTION |
| control field |
20210127150936.0 |
| 006 - FIXED-LENGTH DATA ELEMENTS--ADDITIONAL MATERIAL CHARACTERISTICS |
| fixed length control field |
m o d |
| 007 - PHYSICAL DESCRIPTION FIXED FIELD--GENERAL INFORMATION |
| fixed length control field |
cr||||||||nn|n |
| 008 - FIXED-LENGTH DATA ELEMENTS--GENERAL INFORMATION |
| fixed length control field |
070814s2007 utu o 00 0 eng d |
| 010 ## - LIBRARY OF CONGRESS CONTROL NUMBER |
| Canceled/invalid LC control number |
2007033333 |
| 020 ## - INTERNATIONAL STANDARD BOOK NUMBER |
| International Standard Book Number |
9780874216844 |
| 020 ## - INTERNATIONAL STANDARD BOOK NUMBER |
| Canceled/invalid ISBN |
9780874216837 (cloth : alk. paper) |
| 035 ## - SYSTEM CONTROL NUMBER |
| System control number |
(OCoLC)461265297 |
| 040 ## - CATALOGING SOURCE |
| Original cataloging agency |
MdBmJHUP |
| Transcribing agency |
MdBmJHUP |
| 050 04 - LIBRARY OF CONGRESS CALL NUMBER |
| Classification number |
GR71 |
| Item number |
.D88 2007 |
| 082 0# - DEWEY DECIMAL CLASSIFICATION NUMBER |
| Classification number |
398.2 |
| Edition number |
22 |
| 100 1# - MAIN ENTRY--PERSONAL NAME |
| Personal name |
Dundes, Alan. |
| 245 14 - TITLE STATEMENT |
| Title |
Meaning of Folklore |
| Remainder of title |
The Analytical Essays of Alan Dundes / |
| Statement of responsibility, etc. |
edited and introduced by Simon J. Bronner. |
| 264 #1 - PRODUCTION, PUBLICATION, DISTRIBUTION, MANUFACTURE, AND COPYRIGHT NOTICE |
| Name of producer, publisher, distributor, manufacturer |
Utah State University Press, |
| 264 #3 - PRODUCTION, PUBLICATION, DISTRIBUTION, MANUFACTURE, AND COPYRIGHT NOTICE |
| Name of producer, publisher, distributor, manufacturer |
Project MUSE, |
| 300 ## - PHYSICAL DESCRIPTION |
| Extent |
1 online resource (xv, 443 p.) : |
| Other physical details |
ill. ; |
| 504 ## - BIBLIOGRAPHY, ETC. NOTE |
| Bibliography, etc. note |
Includes bibliographical references and index. |
| 505 0# - FORMATTED CONTENTS NOTE |
| Formatted contents note |
Folklore as a mirror of culture -- The study of folklore in literature and culture: identification and interpretation -- Metafolkore and oral literary criticism -- From etic to emic units in the structural study of folktales ; postscript, the motif index and the tale-type index: a critique -- How Indic parallels to the ballad of the "walled-up wife" reveal the pitfalls of parochial nationalistic folkloristics -- Structuralism and folklore ; postscript, binary opposition in myth: the Propp/Levi Strauss debate in retrospect -- On game morphology: a study of the structure of non-verbal folklore -- The devolutionary premise in folklore theory -- Folk ideas as units of worldview ; postscript, worldview in folk narrative -- As the crow flies: a straightforward study of lineal worldview in American folk speech -- Much ado about "sweet bugger all": getting to the bottom of a puzzle in British folk speech -- Grouping lore--scientists and musicians: science in folklore--folklore in science? ; viola jokes--a study of second string humor -- Medical speech and professional identity--the Gomer--a figure of American hospital folk speech ; "when you hear hoofbeats, think horses, not zebras"--a folk medical diagnostic proverb -- Getting the folk and the lore together -- Gallus as phallus: a psychoanalytic cross-cultural consideration of the cockfight as fowl play -- The symbolic equivalence of allomotifs: towards a method of analyzing folktales -- Earth-diver: creation of the mythopoeic male ; postscript, madness in method plus a plea for projective inversion in myth -- Theses on feces: scatological analysis--the folklore of wishing wells ; here I sit--a study of American latrinalia ; the kushmaker -- The ritual murder or blood libel legend: a study of anti-Semitic victimization through projective inversion -- On the psychology of collecting folklore ; postscript, chain letter--a folk geometric progression. |
| 506 0# - RESTRICTIONS ON ACCESS NOTE |
| Terms governing access |
Open Access |
| Standardized terminology for access restriction |
Unrestricted online access |
| Source of term |
star |
| 588 ## - SOURCE OF DESCRIPTION NOTE |
| Source of description note |
Description based on print version record. |
| 650 #0 - SUBJECT ADDED ENTRY--TOPICAL TERM |
| Topical term or geographic name entry element |
Folklore. |
| 600 11 - SUBJECT ADDED ENTRY--PERSONAL NAME |
| Personal name |
Dundes, Alan. |
| 655 #7 - INDEX TERM--GENRE/FORM |
| Genre/form data or focus term |
Electronic books. |
| Source of term |
local |
| 700 1# - ADDED ENTRY--PERSONAL NAME |
| Personal name |
Bronner, Simon J. |
| 710 2# - ADDED ENTRY--CORPORATE NAME |
| Corporate name or jurisdiction name as entry element |
Project Muse. |
| Relator term |
distributor |
| 830 #0 - SERIES ADDED ENTRY--UNIFORM TITLE |
| Uniform title |
Book collections on Project MUSE. |
| 856 40 - ELECTRONIC LOCATION AND ACCESS |
| Public note |
Full text available: |
| Uniform Resource Identifier |
<a href="https://muse.jhu.edu/book/9407/">https://muse.jhu.edu/book/9407/</a> |
| 945 ## - LOCAL PROCESSING INFORMATION (OCLC) |
| a |
Project MUSE - Archive Global Cultural Studies Foundation |
| 945 ## - LOCAL PROCESSING INFORMATION (OCLC) |
| a |
Project MUSE - Archive Complete Foundation |